Normal view
MARC view
- Pandey, G.N .
Entry Personal Name
001 - CONTROL NUMBER
- control field: 1576
003 - CONTROL NUMBER IDENTIFIER
- control field: OSt
005 - DATE AND TIME OF LATEST TRANSACTION
- control field: 20160930112043.0
008 - FIXED-LENGTH DATA ELEMENTS
- fixed length control field: 160930|| aca||aabn | a|a d
040 ## - CATALOGING SOURCE
- Original cataloging agency: OSt
- Transcribing agency: OSt
100 ## - HEADING--PERSONAL NAME
- Personal name: Pandey, G.N .
670 ## - SOURCE DATA FOUND
- Source citation: Work cat.: (OSt)1517: Pandey, G.N ., Text book of Chemical Technology, Vol I / , 1994.
